| 000 | 04515nam a22004337a 4500 | ||
|---|---|---|---|
| 005 | 20100812111358.0 | ||
| 010 | _aB-407680-699 | ||
| 020 |
_a9788172237196 _c295.00 |
||
| 035 | _aB-407680-699 | ||
| 037 | _bAakar Books | ||
| 082 | _a306.850954792092 | ||
| 100 |
_aNarayan , Kirin _911494 |
||
| 245 |
_aMy family and other saints / _cby Kirin Narayan |
||
| 260 |
_aNOIDA _bHarperCollins Publishers _c2008 |
||
| 270 |
_aA-53, Sector-57, _bNOIDA _e201301 |
||
| 300 |
_a399 p. : _c21 cm(pbk) _bb&w photos |
||
| 942 |
_2ddc _cEN _mNAR _h306.850954792092 |
||
| 999 |
_c34970 _d34970 |
||